Missing Word: Religious Sites A-Z Quiz Stats

 Plays Quiz Updated Jul 16, 2017

Support Sporcle.
Go Orange.
Score 0/24 Timer 03:00
0 Plays Today
Religious Site Missing Word % Correct
_____ Dame Cathedral, Paris, FranceNotre
92.7%
St. Basil's ______, Moscow, RussiaCathedral
91.6%
Statue of Christ the _______, Rio de Janeiro, BrazilRedeemer
85.7%
_______ Wall, Jerusalem, IsraelWestern
79.6%
______ Chapel, Vatican CitySistine
78.5%
Basilica of ___ Lady of Guadalupe, Mexico City, MexicoOur
76.6%
Temple of Olympian ____, Athens, GreeceZeus
75.1%
______ Wat, ______, CambodiaAngkor
67.6%
____ of the Rock, Jerusalem, IsraelDome
63.9%
Twenty-six Martyrs of _____ Memorial, Nagasaki, _____Japan
62.8%
La Sagrada _______, Barcelona, SpainFamília
62.1%
Church of the Multiplication of the ______ and Fishes, Taghba, IsraelLoaves
60.5%
Religious Site Missing Word % Correct
Mormon __________, Salt Lake City, USATabernacle
59.1%
______ Sophia, Istanbul, TurkeyHagia
58.8%
_____/Ayers Rock, AustraliaUluru
54.9%
Cathedral of the _____ of the World, Montreal, CanadaQueen
50.4%
Blue ______, Istanbul, TurkeyMosque
48.4%
____ Minster, ____, United KingdomYork
47.6%
___ Dolorosa, Jerusalem, IsraelVia
40.9%
_______ of the Sun, Teotihuacán, MexicoPyramid
36.2%
_____ Tree, Bodh Gaya, IndiaBodhi
27.5%
______ Temple of Amritsar, Amritsar, IndiaGolden
26.1%
Shrine of ____ Ali, Najaf, IraqImam
19.4%
______ Temple, Luxor, EgyptKarnak
18.9%

Today's Daily Dose

Missing Word
50 Cent Songs

Word Ladder
Close Gunshot

Quick Pick
Pop Punk Bands

Get the Picture
An 'S' in Disney

From the Vault

'Go Your Own Way' Lyrics

by HarryPotter14

Music 5m
You may feel an urge to perform some impromptu karaoke. Don't fight it.
Remove Ads.
Support Sporcle.
Get the best of Sporcle when you Go Orange. This ad-free experience offers more features, more stats, and more fun while also helping to support Sporcle. Thank you for becoming a member.

Show Comments

Extras

Top Quizzes Today


Score Distribution

Your Account Isn't Verified!

In order to create a playlist on Sporcle, you need to verify the email address you used during registration. Go to your Sporcle Settings to finish the process.

Report this User

Report this user for behavior that violates our Community Guidelines.

Details: